Catálogo
 En Linea

Reflexiones jurídicas, políticas y sociales del entramado ambiental dominicano / (Registro nro. 49677)

Detalles MARC
000 -CABECERA
campo de control de longitud fija 00953nam a22002657a 4500
003 - IDENTIFICADOR DEL NÚMERO DE CONTROL
campo de control OSt
005 - FECHA Y HORA DE LA ÚLTIMA TRANSACCIÓN
campo de control 20210324143445.0
008 - DATOS DE LONGITUD FIJA--INFORMACIÓN GENERAL
campo de control de longitud fija 100322s2018 dr 000 0 spa d
020 ## - NÚMERO INTERNACIONAL ESTÁNDAR DEL LIBRO
Número Internacional Estándar del Libro 9789945590807
040 ## - FUENTE DE LA CATALOGACIÓN
Centro catalogador/agencia de origen DO-SdBNP
Lengua de catalogación spa
Centro/agencia transcriptor BNPHU
082 ## - NÚMERO DE LA CLASIFICACIÓN DECIMAL DEWEY
Número de clasificación xxxx
Número de documento/Ítem M828r
100 1# - ENTRADA PRINCIPAL--NOMBRE DE PERSONA
Nombre de persona Morales Muñoz, Sergio
9 (RLIN) 37920
Fechas asociadas al nombre 1988-
245 10 - MENCIÓN DE TÍTULO
Título Reflexiones jurídicas, políticas y sociales del entramado ambiental dominicano /
Mención de responsabilidad, etc. Sergio Morales Muñoz ; prólogo Natasha Despotovic
260 ## - PUBLICACIÓN, DISTRIBUCIÓN, ETC.
Lugar de publicación, distribución, etc. Santo Domingo :
Nombre del editor, distribuidor, etc. FUNGLODE,
Fecha de publicación, distribución, etc. 2018.
300 ## - DESCRIPCIÓN FÍSICA
Extensión 103 p. :
Dimensiones 21 cm.
490 1# - MENCIÓN DE SERIE
Mención de serie Estudios y reflexiones ;
-- Desarrollo sostenible ;
500 ## - NOTA GENERAL
Nota general Incluye datos biográficos del autor.
500 ## - NOTA GENERAL
Nota general Incluye notas a pie de páginas.
504 ## - NOTA DE BIBLIOGRAFÍA, ETC.
Nota de bibliografía, etc. Bibliografía p: 93-95
590 ## - NOTA LOCAL (RLIN)
Nota local Inventariado, 2021/ YL
700 12 - PUNTO DE ACCESO ADICIONAL--NOMBRE DE PERSONA
Nombre de persona Despotovic, Natasha
Término indicativo de función/relación prol.
9 (RLIN) 74370
830 ## - PUNTO DE ACCESO ADICIONAL DE SERIE-TÍTULO UNIFORME
Título uniforme Estudios y reflexiones
Nombre de parte o sección de la obra Desarrollo sostenible
9 (RLIN) 78257
910 ## - DATOS DE OPCIÓN DEL USUARIO (OCLC)
Datos de opción del usuario YLOCKWARD
942 ## - ELEMENTOS DE PUNTO DE ACCESO ADICIONAL (KOHA)
Fuente del sistema de clasificación o colocación Dewey Decimal Classification
Tipo de ítem Koha Libro
Existencias
Estado de retiro Estado de pérdida Fuente del sistema de clasificación o colocación No para préstamo Código de colección Localización permanente Ubicación/localización actual Ubicación en estantería Fecha de adquisición Fuente de adquisición Total de préstamos Signatura topográfica completa Código de barras Fecha visto por última vez Precio válido a partir de Tipo de ítem Koha Número de copia
    Dewey Decimal Classification Excluido de préstamo Patrimonio Dominicano Biblioteca Nacional Pedro Henríquez Ureña Biblioteca Nacional Pedro Henríquez Ureña En catalogación 23.04.2019 FUNGLODE   xxxx M828r 2021-1210 24.03.2021 24.03.2021 Libro y Folleto Colección Patrimonio Dominicano  
    Dewey Decimal Classification Excluido de préstamo Patrimonio Dominicano Biblioteca Nacional Pedro Henríquez Ureña Biblioteca Nacional Pedro Henríquez Ureña En catalogación 23.04.2019 FUNGLODE   xxxx M828r 2021-1211 24.03.2021 24.03.2021 Libro y Folleto Colección Patrimonio Dominicano e. 2
    Dewey Decimal Classification Préstamo en sala Dominicana de Servicio General General En catalogación 23.04.2019 FUNGLODE   xxxx M828r 2021-1212 24.03.2021 24.03.2021 Libro y Folleto Colección Dominicana de Servicio e. 3

Con tecnología Koha